| 000 | 00673nam a2200229Ia 4500 | ||
|---|---|---|---|
| 003 | OSt | ||
| 005 | 20250424144756.0 | ||
| 008 | 210423s2009 xx 000 0 und d | ||
| 020 | _a9788181281289 | ||
| 040 | _cAL | ||
| 041 | _aeng | ||
| 082 |
_a531 _223 _bGREC |
||
| 100 |
_aWalter Greiner _997808 |
||
| 245 | _aClassical mechanics: systems of particles and Hamiltonian dynamics. | ||
| 260 |
_aNew Delhi _bSpringer Verlag _c2009 |
||
| 300 |
_axx,542 _bPB |
||
| 365 |
_b695 _cINR |
||
| 650 |
_aClassical Mechanics _997809 |
||
| 700 |
_aBromley, Allan D _9208765 |
||
| 906 | _aClassical ; dynamics. ; hamiltonian ; mechanics: ; particles ; systems | ||
| 942 |
_2ddc _cBK |
||
| 999 |
_c162066 _d162066 |
||